Polscy skoczkowie narciarscy, którzy skakali w Letnim Grand Prix - Statystyki

Ogólne statystyki
  • Ten quiz został rozwiązany 78 razy
    16 od ostatniego zresetowania
  • Średni wynik to 25 z 44
Statystyki odpowiedzi
Pierwszy sezon Skoczek % Poprawnych
2009 Dawid Kubacki
100%
2007 Maciej Kot
100%
2005 Piotr Żyła
100%
1996 Adam Małysz
93%
2009 Jakub Kot
93%
2025 Kacper Tomasiak
93%
2005 Kamil Stoch
93%
2009 Klemens Murańka
87%
2005 Stefan Hula
87%
2018 Paweł Wąsek
80%
2009 Grzegorz Miętus
73%
2013 Jakub Wolny
73%
2011 Jan Ziobro
73%
2008 Krzysztof Miętus
73%
2011 Aleksander Zniszczoł
67%
2001 Łukasz Kruczek
67%
2023 Klemens Joniak
60%
2013 Krzysztof Biegun
60%
2008 Łukasz Rutkowski
60%
2004 Mateusz Rutkowski
60%
2001 Robert Mateja
60%
2015 Andrzej Stękała
53%
2022 Jan Habdas
53%
2019 Tomasz Pilch
53%
2001 Tomasz Pochwała
53%
1994 Wojciech Skupień
53%
2011 Bartłomiej Kłusek
47%
2002 Marcin Bachleda
47%
2003 Tomisław Tajner
47%
2004 Wojciech Tajner
47%
2022 Adam Niżnik
40%
2021 Jarosław Krzak
40%
2019 Kacper Juroszek
40%
2004 Krystian Długopolski
40%
2014 Przemysław Kantyka
40%
2010 Tomasz Byrt
40%
2017 Bartosz Czyż
33%
2005 Rafał Śliż
33%
2007 Dawid Kowal
20%
2023 Marcin Wróbel
20%
2020 Mateusz Gruszka
20%
2012 Krzysztof Leja
13%
2009 Andrzej Zapotoczny
0%
2003 Grzegorz Sobczyk
0%
Nie znaleziono quizów pasujących do podanych kryteriów
Rozkład punktacji
Procent ludzi z każdym wynikiem
Percentyl według liczby udzielonych odpowiedzi
Twoja historia wyników
Nie rozwiązałeś tego quizu od ostatniego zresetowania